00298nam a2200109Ia 4500008004000000020001800040082001300058100002500071245004800096260003300144300001100177210210b1974 xxu||||| |||| 00| 0 eng d a0 201 06314 X a301 RILV aRILEY (Gresham), Ed. aValues, objectivity and the social science. aLondonbAddison-Wesleyc1974 aiv,152